[Event "TSF Ditzingen-SV Marbach"]
[Site "?"]
[Date "2003.01.26"]
[Round "5.1"]
[White "Vokac, Marek"]
[Black "Ortmann, David"]
[Result "1-0"]
[WhiteElo "2529"]
[BlackElo "2197"]
[PlyCount "124"]
[EventDate "2003.??.??"]

1. Nf3 Nf6 2. c4 c5 3. g3 b6 4. Bg2 Bb7 5. O-O e6 6. Nc3 Be7 7. Re1 d6 8. e4
Nbd7 9. d4 cxd4 10. Nxd4 Qc7 11. Be3 Rc8 12. Rc1 Qb8 13. b3 O-O 14. f3 Rfe8 15.
Bf2 Bf8 16. Nde2 Ne5 17. Qd2 Rcd8 18. Nf4 h5 19. Nd3 Nxd3 20. Qxd3 Bc6 21. Rcd1
a6 22. a4 Nd7 23. Bf1 g6 24. Qd2 Rc8 25. Qa2 Ne5 26. Bg2 Ba8 27. Qd2 Red8 28.
Qe3 Nd7 29. Bf1 Bg7 30. Re2 Kh7 31. Rc2 Ne5 32. Bg2 Nd7 33. Rcd2 Bf8 34. f4 Nc5
35. b4 Nd7 36. Bf1 Qb7 37. h3 d5 38. exd5 Bxb4 39. Rb2 Bxc3 40. Qxc3 exd5 41.
Bg2 Qc7 42. Bxd5 Bxd5 43. Rxd5 Nc5 44. Bxc5 Rxd5 45. cxd5 bxc5 46. Rd2 c4 47.
d6 Qd7 48. g4 h4 49. f5 gxf5 50. Rd5 Rc6 51. Qf6 Qa7+ 52. Kg2 Qe3 53. Qxf7+ Kh6
54. Qf6+ Kh7 55. Qxf5+ Kg7 56. Qd7+ Kg6 57. Qf5+ Kg7 58. Qf3 Qxf3+ 59. Kxf3 Rc8
60. d7 Rd8 61. Ke4 Kf7 62. Kd4 Ke7 1-0

[Event "TSF Ditzingen-SV Marbach"]
[Site "?"]
[Date "2003.01.26"]
[Round "5.2"]
[White "Wittmann, Ralf"]
[Black "Sieglen, Joachim"]
[Result "0-1"]
[WhiteElo "2132"]
[BlackElo "2349"]
[PlyCount "83"]
[EventDate "2003.??.??"]

1. e4 e6 2. Nc3 d5 3. Nf3 Nf6 4. e5 Nfd7 5. d4 c5 6. Bg5 Qb6 7. dxc5 Bxc5 8.
Qd2 h6 9. Bh4 Nc6 10. Na4 Qc7 11. Nxc5 Nxc5 12. Bg3 Ne4 13. Qe3 Nb4 14. Nd4
Nxc2+ 15. Nxc2 Qxc2 16. Bb5+ Bd7 17. Bxd7+ Kxd7 18. O-O Rhc8 19. Bf4 Qc5 20.
Qh3 Ke8 21. b4 Qe7 22. f3 Nc3 23. Kh1 Rc4 24. Bd2 Rac8 25. a3 b6 26. f4 Ne4 27.
Be1 Rc1 28. Ra2 Qc7 29. Qg4 g6 30. Qf3 Qc4 31. Re2 h5 32. h3 Kd7 33. g4 hxg4
34. hxg4 Rh8+ 35. Kg2 Rc2 36. Rff2 Nxf2 37. Rxf2 Rxf2+ 38. Bxf2 Qe4 39. Qxe4
dxe4 40. Be1 Kc6 41. Kg3 Kd5 42. f5 0-1

[Event "TSF Ditzingen-SV Marbach"]
[Site "?"]
[Date "2003.01.26"]
[Round "5.3"]
[White "Eisele, Steffen"]
[Black "Meier, Thomas"]
[Result "0-1"]
[WhiteElo "2208"]
[BlackElo "2257"]
[PlyCount "90"]
[EventDate "2003.??.??"]

1. g3 d5 2. Bg2 c6 3. c4 Nf6 4. Nf3 g6 5. O-O Bg7 6. d4 O-O 7. Qb3 Qb6 8. Qxb6
axb6 9. cxd5 Nxd5 10. Bd2 b5 11. Nc3 Nb6 12. Bf4 Bg4 13. Rfd1 Na4 14. Nxa4 Rxa4
15. b3 Ra3 16. Rd2 Nd7 17. Rc1 Rfa8 18. d5 c5 19. h3 Bxf3 20. Bxf3 Rxa2 21.
Rxa2 Rxa2 22. d6 exd6 23. Bxd6 Bf8 24. Bxf8 Kxf8 25. Bxb7 Ke7 26. Bc6 b4 27.
Kf1 Rb2 28. Ba4 Nb6 29. Rxc5 Nxa4 30. bxa4 Rb1+ 31. Kg2 Ra1 32. a5 Kd6 33. Rb5
Ra4 34. Rb7 Kc5 35. Rxf7 Rxa5 36. Rxh7 b3 37. Rc7+ Kb4 38. Rc1 b2 39. Rb1 Kc3
40. Kf3 Kc2 41. Rxb2+ Kxb2 42. e4 Kc3 43. h4 Kd4 44. Kf4 Re5 45. f3 Rh5 0-1

[Event "TSF Ditzingen-SV Marbach"]
[Site "?"]
[Date "2003.01.26"]
[Round "5.4"]
[White "Beyer, Christian"]
[Black "Brodbeck, Stefan"]
[Result "1-0"]
[WhiteElo "2165"]
[BlackElo "2127"]
[PlyCount "67"]
[EventDate "2003.??.??"]

1. Nc3 g6 2. e4 Bg7 3. h4 h5 4. d4 Nh6 5. Bg5 c6 6. Qd2 d5 7. O-O-O dxe4 8.
Nxe4 Qd5 9. Nc3 Qa5 10. Bc4 Nf5 11. Nge2 Nd7 12. f3 b5 13. Bb3 Nb6 14. g4 Nd6
15. Qe3 e6 16. Qf4 Nbc4 17. Ne4 Nxe4 18. Qxe4 Qb6 19. Ng3 hxg4 20. fxg4 Bb7 21.
Qf4 c5 22. Rhf1 Rf8 23. Ne4 Bxe4 24. Qxe4 Rc8 25. d5 Nd6 26. dxe6 Nxe4 27.
exf7+ Rxf7 28. Bxf7+ Kf8 29. Be6+ Bf6 30. Bxc8 Kg7 31. Bxf6+ Nxf6 32. g5 Ng8
33. Rd7+ Kh8 34. Rff7 1-0

[Event "TSF Ditzingen-SV Marbach"]
[Site "?"]
[Date "2003.01.26"]
[Round "5.5"]
[White "Klaric, Zoran"]
[Black "Stanescu, Christian"]
[Result "1/2-1/2"]
[WhiteElo "2014"]
[BlackElo "2063"]
[PlyCount "106"]
[EventDate "2003.??.??"]

1. d4 d5 2. c4 c6 3. Nf3 Nf6 4. Nc3 dxc4 5. a4 Bf5 6. e3 e6 7. Bxc4 Nbd7 8. O-O
Bb4 9. Qe2 Bg6 10. Rd1 O-O 11. Bd2 Re8 12. Be1 Rc8 13. Rac1 a6 14. h3 Qa5 15.
Nh4 Bh5 16. g4 Bg6 17. Nxg6 hxg6 18. Bb3 c5 19. Qf3 cxd4 20. Rxd4 Nc5 21. Bc2
e5 22. Rdd1 e4 23. Qg3 g5 24. Rd4 Red8 25. Rcd1 Ne6 26. Rxd8+ Rxd8 27. Rxd8+
Qxd8 28. Qe5 Nc5 29. Nxe4 Bxe1 30. Nxf6+ gxf6 31. Qxc5 Kg7 32. Qd4 Qc7 33. Qd1
Ba5 34. Bd3 Qe5 35. Qc2 Bc7 36. Kf1 Qh2 37. Bf5 Qxh3+ 38. Ke2 Qh2 39. Bc8 Bg3
40. Qf5 Qg2 41. Qf3 Qxf3+ 42. Kxf3 Be5 43. Bxb7 a5 44. b3 Bd6 45. Ke4 Kf8 46.
Kf5 Ke7 47. f4 gxf4 48. exf4 Bb4 49. Bd5 Bc3 50. Ke4 Bb4 51. Kd4 Bd6 52. Ke4
Bb4 53. Kd4 Bd6 1/2-1/2

[Event "TSF Ditzingen-SV Marbach"]
[Site "?"]
[Date "2003.01.26"]
[Round "5.6"]
[White "Gritsch, Gabriel"]
[Black "Meschke, Andreas"]
[Result "0-1"]
[WhiteElo "2118"]
[BlackElo "2136"]
[PlyCount "72"]
[EventDate "2003.??.??"]

1. Nf3 d5 2. c4 c6 3. cxd5 cxd5 4. d4 Nf6 5. Nc3 Nc6 6. Bf4 Qb6 7. a3 Bg4 8.
Na4 Qd8 9. Ne5 Bh5 10. f3 e6 11. g4 Bg6 12. h4 h6 13. Nxg6 fxg6 14. e3 Bd6 15.
Bd3 Ne7 16. Nc5 Bxf4 17. exf4 Qd6 18. Qe2 Kf7 19. Qe5 Qc6 20. O-O b6 21. Nb3
Nd7 22. Qe3 Qd6 23. Rac1 g5 24. Rfe1 gxf4 25. Qe2 Rac8 26. Ba6 Rcd8 27. Rc7 h5
28. Bb5 hxg4 29. fxg4 Rxh4 30. Rxa7 Nf6 31. Rc1 Rxg4+ 32. Kf1 Rh8 33. Qxg4 Nxg4
34. Rcc7 Ne3+ 35. Ke2 N3f5 36. Rd7 f3+ 0-1

[Event "TSF Ditzingen-SV Marbach"]
[Site "?"]
[Date "2003.01.26"]
[Round "5.7"]
[White "Rabl, Joerg Steffen"]
[Black "Saur, Michael"]
[Result "0-1"]
[WhiteElo "2093"]
[BlackElo "2023"]
[PlyCount "112"]
[EventDate "2003.??.??"]

1. e4 e6 2. d4 d5 3. e5 c5 4. c3 Nc6 5. Nf3 Bd7 6. dxc5 Bxc5 7. Bd3 f6 8. Bf4
fxe5 9. Nxe5 Qf6 10. Nxd7 Bxf2+ 11. Kxf2 Qxf4+ 12. Ke1 Kxd7 13. Rf1 Qxh2 14.
Qg4 Nge7 15. Nd2 h5 16. Qe2 Qe5 17. Nf3 Qxe2+ 18. Kxe2 Raf8 19. Rad1 Nf5 20.
Rfe1 h4 21. Bb5 Kd6 22. c4 a6 23. cxd5 exd5 24. Ba4 Re8+ 25. Kf2 Rhf8 26. Bb3
Rxe1 27. Rxd5+ Kc7 28. Kxe1 h3 29. gxh3 Ne3 30. Ng5 Nxd5 31. Ne6+ Kd6 32. Nxf8
Nf4 33. Kf2 Nxh3+ 34. Kg3 Ng5 35. Kf4 Ke7 36. Ng6+ Kf6 37. Nf8 Nd4 38. Bd5
Nge6+ 39. Nxe6 Nxe6+ 40. Kg4 Nd8 41. Kf4 Ne6+ 42. Kg4 b5 43. Bb7 Nc5 44. Bc8 b4
45. Kf4 a5 46. Bg4 Nd3+ 47. Ke3 Nxb2 48. Kd4 a4 49. Be2 Kf5 50. Bf3 Kf4 51. Be4
g5 52. Bd5 g4 53. Kc5 Ke5 54. Bg2 b3 55. a3 Nd3+ 56. Kc4 b2 0-1

[Event "TSF Ditzingen-SV Marbach"]
[Site "?"]
[Date "2003.01.26"]
[Round "5.8"]
[White "Reinhold, Dirk"]
[Black "Rapp, Uwe"]
[Result "0-1"]
[WhiteElo "1960"]
[BlackElo "2066"]
[PlyCount "52"]
[EventDate "2003.??.??"]

1. e4 g6 2. d4 Bg7 3. Be3 d6 4. Nc3 Nd7 5. Bc4 a6 6. a3 e6 7. Nge2 Ne7 8. O-O
O-O 9. f4 b5 10. Bd3 c5 11. e5 cxd4 12. exd6 dxe3 13. dxe7 Qxe7 14. Rf3 Bb7 15.
Rh3 Nc5 16. Rxe3 Rfd8 17. Qd2 Rd7 18. Rd1 Rad8 19. Qc1 Nxd3 20. Rexd3 Rxd3 21.
Rxd3 Rxd3 22. cxd3 Qc5+ 23. Kh1 a5 24. Qd2 Qf2 25. Ne4 Qf1+ 26. Ng1 Bd4 0-1

[Event "SC HP Boeblingen-SC Lindenberg"]
[Site "?"]
[Date "2003.01.26"]
[Round "5.1"]
[White "Schmidlechner, Alexander"]
[Black "Bauer, Peter"]
[Result "1-0"]
[WhiteElo "2230"]
[BlackElo "2253"]
[PlyCount "51"]
[EventDate "2003.??.??"]

1. d4 Nf6 2. c4 e6 3. Nf3 b6 4. g3 Ba6 5. b3 Bb4+ 6. Bd2 Be7 7. Bg2 c6 8. Bc3
d5 9. Ne5 Nfd7 10. Nxd7 Nxd7 11. Nd2 Nf6 12. O-O O-O 13. e4 Rb8 14. Re1 Bb7 15.
Rc1 c5 16. exd5 exd5 17. dxc5 Bxc5 18. Be5 dxc4 19. Nxc4 Bxg2 20. Bxb8 Qxd1 21.
Rcxd1 Bf3 22. Bd6 Rd8 23. Rd2 Ne4 24. Rxe4 Bxe4 25. Bxc5 Rc8 26. Nd6 1-0

[Event "SC HP Boeblingen-SC Lindenberg"]
[Site "?"]
[Date "2003.01.26"]
[Round "5.2"]
[White "Tuncer, Ufuk"]
[Black "Atlas, Dimitry"]
[Result "0-1"]
[WhiteElo "2204"]
[BlackElo "2197"]
[PlyCount "82"]
[EventDate "2003.??.??"]

1. Nf3 d5 2. d4 e6 3. c4 c6 4. Nc3 Nf6 5. g3 dxc4 6. Bg2 Nbd7 7. O-O Be7 8. a4
Nd5 9. Nd2 Qa5 10. Nxc4 Qa6 11. Qb3 N7b6 12. Ne5 f6 13. Nd3 Qc4 14. Qxc4 Nxc4
15. Rd1 a5 16. e4 Nb4 17. Nf4 e5 18. Nfe2 Nc2 19. Rb1 exd4 20. Nxd4 Nxd4 21.
Rxd4 Be6 22. Bf1 Ne5 23. Kg2 Bc5 24. Rd1 Bb3 25. Re1 Bc2 26. Ra1 O-O-O 27. Bf4
g5 28. Bxe5 fxe5 29. Rac1 Bb3 30. Be2 Rhf8 31. Bg4+ Kb8 32. Re2 Bb4 33. Bf5 h6
34. h4 gxh4 35. gxh4 Rd3 36. Re3 Rxe3 37. fxe3 Rd8 38. Nb1 Bxa4 39. Kf3 Rd1 40.
Rxd1 Bxd1+ 41. Kf2 Bc2 0-1

[Event "SC HP Boeblingen-SC Lindenberg"]
[Site "?"]
[Date "2003.01.26"]
[Round "5.3"]
[White "Scheffknecht, Philipp"]
[Black "Boehm, Martin"]
[Result "0-1"]
[WhiteElo "2129"]
[BlackElo "2255"]
[PlyCount "86"]
[EventDate "2003.??.??"]

1. d4 Nf6 2. Nf3 g6 3. g3 Bg7 4. Bg2 c5 5. e3 O-O 6. O-O cxd4 7. exd4 d5 8. Ne5
Nc6 9. c4 dxc4 10. Nxc6 bxc6 11. Bxc6 Bh3 12. Re1 Rc8 13. Bf3 Nd5 14. a3 Rc7
15. Nc3 Nb6 16. Nb5 Rd7 17. a4 a6 18. Na3 Rxd4 19. Qe2 c3 20. b3 Rb4 21. Qxa6
Rxb3 22. Ra2 Qd4 23. Nc2 Qf6 24. Be4 Nd7 25. Qc4 Rfb8 26. a5 Be6 27. Qe2 Nc5
28. Bg2 Rb2 29. Ra3 Qf5 30. Bxb2 cxb2 31. Rb1 Bb3 32. Be4 Nxe4 33. Ne3 Nxg3 34.
Qe1 Ne2+ 35. Kf1 Qc5 36. Rxb3 Rxb3 37. Kxe2 Ra3 38. Qd2 Qxa5 39. Qd7 Qa6+ 40.
Kf3 Ra1 41. Qd8+ Bf8 42. Rxb2 Qc6+ 43. Nd5 e6 0-1

[Event "SC HP Boeblingen-SC Lindenberg"]
[Site "?"]
[Date "2003.01.26"]
[Round "5.4"]
[White "Heinl, Thomas"]
[Black "Ahner, Thomas"]
[Result "1-0"]
[WhiteElo "2230"]
[BlackElo "1956"]
[PlyCount "87"]
[EventDate "2003.??.??"]

1. e4 d5 2. exd5 Qxd5 3. Nc3 Qa5 4. d4 c6 5. Nf3 Nf6 6. Ne5 Bf5 7. Nc4 Qd8 8.
Be2 Nbd7 9. O-O e6 10. Ne3 Bg6 11. f4 Bb4 12. f5 exf5 13. Nxf5 O-O 14. Bg5 Qa5
15. Bd3 Rfe8 16. Qf3 Bf8 17. a3 Qb6 18. Kh1 Bxf5 19. Bxf5 Qxd4 20. Rad1 Qe5 21.
Rxd7 Nxd7 22. Bxd7 Re7 23. Bxe7 Qxe7 24. Bf5 g6 25. Bd3 f5 26. g4 fxg4 27. Qxg4
Bg7 28. b4 Rd8 29. Ne4 Rf8 30. Rxf8+ Qxf8 31. Qe6+ Kh8 32. Ng5 Bf6 33. Qf7 Qxf7
34. Nxf7+ Kg7 35. Nd6 Bb2 36. Nxb7 Bxa3 37. c3 Bb2 38. c4 Bc3 39. Nd8 Bxb4 40.
Nxc6 a5 41. Kg2 Kf6 42. Nxb4 axb4 43. Kf3 Ke5 44. Ke3 1-0

[Event "SC HP Boeblingen-SC Lindenberg"]
[Site "?"]
[Date "2003.01.26"]
[Round "5.5"]
[White "Gasser, Klaus"]
[Black "Frolik, Erhard"]
[Result "1/2-1/2"]
[WhiteElo "1983"]
[BlackElo "2179"]
[PlyCount "61"]
[EventDate "2003.??.??"]

1. Nf3 d5 2. c4 d4 3. g3 Nc6 4. d3 e5 5. Bg2 Nf6 6. O-O Be7 7. Na3 O-O 8. Nc2
a5 9. Bd2 Bf5 10. b3 h6 11. a3 e4 12. Nfe1 Qd7 13. b4 axb4 14. axb4 Ne5 15.
Rxa8 Rxa8 16. Bf4 Ng6 17. Bc1 Rd8 18. Bb2 c5 19. bxc5 Bxc5 20. Na3 Ne5 21. Nb5
b6 22. Qc2 Bh3 23. dxe4 Bxg2 24. Kxg2 Qe6 25. Nf3 Qxc4 26. Qxc4 Nxc4 27. e5 Ng4
28. Bxd4 Bxd4 29. Nfxd4 Ngxe5 30. Rc1 Rc8 31. Ra1 1/2-1/2

[Event "SC HP Boeblingen-SC Lindenberg"]
[Site "?"]
[Date "2003.01.26"]
[Round "5.6"]
[White "Born, Mario"]
[Black "Mittermeier, Peter"]
[Result "1-0"]
[WhiteElo "2164"]
[BlackElo "1956"]
[PlyCount "143"]
[EventDate "2003.??.??"]

1. d4 d5 2. Nf3 Nf6 3. g3 g6 4. Bg2 Bg7 5. O-O O-O 6. c4 c6 7. Ne5 Ng4 8. Nxg4
Bxg4 9. cxd5 cxd5 10. Nc3 Qd7 11. Be3 Be6 12. Qb3 Rd8 13. Rfd1 Nc6 14. Qb5 Rac8
15. Rac1 Bf6 16. Na4 b6 17. Nc3 h5 18. h4 Kg7 19. Qa4 Na5 20. Qxd7 Rxd7 21. Bf4
Rc4 22. e3 Bg4 23. Re1 e6 24. f3 Bf5 25. Bf1 Rc8 26. Ba6 Rcd8 27. Bb5 Rb7 28.
Ne2 Be7 29. a3 Nb3 30. Rc3 Na5 31. b4 Nc4 32. Bxc4 dxc4 33. e4 e5 34. Bxe5+ f6
35. Bf4 Bd7 36. Rxc4 Bb5 37. Rc3 Bxe2 38. Rxe2 Rxd4 39. Rec2 Rbd7 40. Rc7 Kf7
41. Kf2 a5 42. Be3 Rd3 43. Rxd7 Rxd7 44. Bxb6 axb4 45. axb4 Bxb4 46. Rc7 Rxc7
47. Bxc7 Ke6 48. g4 Be7 49. Kg3 Bb4 50. Bf4 Be1+ 51. Kh3 Bc3 52. Bg3 Bd4 53. f4
Bc3 54. f5+ Kf7 55. Bf4 Bd4 56. Kg3 Bc3 57. Kf3 Be1 58. Bg3 Bc3 59. g5 Bd2 60.
Bf4 Be1 61. Bg3 Bd2 62. gxf6 Kxf6 63. Bf4 Bc3 64. Bg5+ Kf7 65. Kf4 Bd2+ 66. Ke5
Bc3+ 67. Kd6 gxf5 68. e5 Bb4+ 69. Kd7 Bc5 70. e6+ Kg6 71. e7 Bxe7 72. Kxe7 1-0

[Event "SC HP Boeblingen-SC Lindenberg"]
[Site "?"]
[Date "2003.01.26"]
[Round "5.7"]
[White "Wegscheider, Michael"]
[Black "Remmler, Hans Peter"]
[Result "0-1"]
[WhiteElo "1892"]
[BlackElo "2158"]
[PlyCount "44"]
[EventDate "2003.??.??"]

1. e4 e5 2. Nf3 Nf6 3. Nc3 Bb4 4. d3 O-O 5. Be2 Re8 6. O-O d5 7. Bg5 Bxc3 8.
bxc3 dxe4 9. Bxf6 Qxf6 10. dxe4 Be6 11. Qb1 b6 12. Qb5 Bd7 13. Qd3 Bc6 14. Qe3
Nd7 15. Nd2 Nc5 16. f3 a5 17. Nb3 Ne6 18. Rfd1 h5 19. a4 Rad8 20. Bd3 Nf4 21.
Bb5 Bxb5 22. axb5 Qg5 0-1

[Event "SC HP Boeblingen-SC Lindenberg"]
[Site "?"]
[Date "2003.01.26"]
[Round "5.8"]
[White "Glueck, Gunther"]
[Black "Seigert, Frank"]
[Result "1/2-1/2"]
[WhiteElo "2150"]
[BlackElo "1771"]
[PlyCount "48"]
[EventDate "2003.??.??"]

1. e4 e6 2. Qe2 c5 3. Nc3 Nc6 4. Nf3 a6 5. g3 Nd4 6. Nxd4 cxd4 7. Nd1 d5 8. e5
Ne7 9. c3 Nc6 10. Bg2 Qc7 11. f4 Bc5 12. Nf2 O-O 13. O-O b5 14. d3 Bb7 15. c4
dxc4 16. dxc4 d3 17. Qxd3 Rad8 18. Qe4 bxc4 19. Qxc4 Nxe5 20. Qe2 Nd3 21. Be3
Bxe3 22. Qxe3 Bxg2 23. Kxg2 Nxb2 24. Kg1 Rd6 1/2-1/2

[Event "SV Wolfbusch-SC Lindenberg"]
[Site "?"]
[Date "2003.02.23"]
[Round "6.1"]
[White "Atlas, Valery"]
[Black "Leyrer, Achim"]
[Result "1-0"]
[WhiteElo "2460"]
[BlackElo "2206"]
[PlyCount "59"]
[EventDate "2003.??.??"]

1. e4 c5 2. Nf3 d6 3. d4 cxd4 4. Nxd4 Nf6 5. Nc3 g6 6. g3 Nc6 7. Nde2 Bd7 8.
Bg2 Qc8 9. h3 Bg7 10. b3 O-O 11. Bb2 a5 12. Rb1 Rd8 13. Nf4 a4 14. Nxa4 Nb4 15.
Nb6 Qc5 16. Nxa8 Nxc2+ 17. Kf1 Rxa8 18. Nd3 Bb5 19. a4 Ba6 20. Kg1 Bxd3 21.
Qxd3 Rc8 22. Qb5 Qa7 23. e5 dxe5 24. Qxb7 Qxb7 25. Bxb7 Rb8 26. Rc1 Rxb7 27.
Rxc2 Nd7 28. a5 Rxb3 29. a6 Nb6 30. a7 1-0

[Event "SV Wolfbusch-SC Lindenberg"]
[Site "?"]
[Date "2003.02.23"]
[Round "6.2"]
[White "Ott, Frank"]
[Black "Gaertner, Guntram"]
[Result "1/2-1/2"]
[WhiteElo "2285"]
[BlackElo "2312"]
[PlyCount "127"]
[EventDate "2003.??.??"]

1. Nf3 Nf6 2. g3 b6 3. Bg2 Bb7 4. d3 d5 5. O-O e6 6. e4 dxe4 7. Ng5 h6 8. Nxe4
Nxe4 9. Bxe4 Bxe4 10. dxe4 Qxd1 11. Rxd1 Nd7 12. b3 Be7 13. Bb2 Bf6 14. Bxf6
Nxf6 15. Nc3 Ke7 16. f3 Rhd8 17. Nb5 c6 18. Rxd8 Kxd8 19. Rd1+ Ke7 20. Nd4 Rc8
21. Kf2 a6 22. Ke3 c5 23. Ne2 c4 24. b4 Nd7 25. f4 Nb8 26. a4 Nc6 27. Rb1 b5
28. axb5 axb5 29. Nd4 Nxd4 30. Kxd4 c3 31. Ra1 Rc4+ 32. Kd3 g5 33. Ra3 Rxb4 34.
Rxc3 gxf4 35. gxf4 Rb1 36. Rb3 Rh1 37. Rxb5 Rxh2 38. Rb7+ Kf6 39. c4 Rh3+ 40.
Kd4 Rh1 41. e5+ Kg6 42. Rb3 Kf5 43. c5 Rd1+ 44. Rd3 Rc1 45. Rc3 Rd1+ 46. Ke3
Rd8 47. c6 Rc8 48. Rc1 f6 49. Kd4 h5 50. exf6 Kxf6 51. Kc5 Kf5 52. Rf1 h4 53.
Kd6 Rd8+ 54. Ke7 Rd2 55. Rc1 Ra2 56. c7 Ra7 57. Kd6 Rxc7 58. Rxc7 Kxf4 59. Rh7
Kg3 60. Ke5 h3 61. Ke4 h2 62. Ke3 Kg2 63. Rg7+ Kf1 64. Rf7+ 1/2-1/2

[Event "SV Wolfbusch-SC Lindenberg"]
[Site "?"]
[Date "2003.02.23"]
[Round "6.3"]
[White "Grabher, Heinz"]
[Black "Dietrich, Frank"]
[Result "1/2-1/2"]
[WhiteElo "2264"]
[BlackElo "2180"]
[PlyCount "179"]
[EventDate "2003.??.??"]

1. e4 c5 2. Nf3 Nc6 3. d4 cxd4 4. Nxd4 g6 5. Nc3 Bg7 6. Be3 Nf6 7. Nxc6 bxc6 8.
e5 Nd5 9. Nxd5 cxd5 10. Qxd5 Rb8 11. Bc4 O-O 12. O-O Qc7 13. Qc5 Qxe5 14. Qxe5
Bxe5 15. Bxa7 Rxb2 16. Bb3 d6 17. Rab1 Rxb1 18. Rxb1 Bf5 19. Re1 Ra8 20. Be3
Bc3 21. Re2 Bd7 22. Bg5 e6 23. Be7 Bb5 24. Re3 Bd2 25. Rg3 d5 26. Bf6 Kf8 27.
h4 h5 28. Bc3 Bc1 29. Bb4+ Ke8 30. Rc3 Kd7 31. Rc5 Rb8 32. c4 Bxc4 33. Ba4+ Kd8
34. Bc3 Ke7 35. Rc7+ Kf8 36. Be5 Rd8 37. Bf6 Rb8 38. Be5 Rd8 39. Bf6 Ra8 40.
Bc6 Rb8 41. a4 Bf4 42. Rb7 Rxb7 43. Bxb7 Bc7 44. Bc6 Bb6 45. g3 Be2 46. Kg2 Bc5
47. f4 Be7 48. Bd4 Ba6 49. Bd7 Bd8 50. Bc5+ Kg7 51. Kf3 Kf6 52. Bc6 Bc7 53. Bb4
Bc8 54. Bc5 Kf5 55. Bd4 f6 56. Be3 Ba5 57. Bc5 Ba6 58. Bd7 Bc4 59. Bd4 Bb3 60.
Bb5 Bd1+ 61. Kf2 Bc2 62. Bd7 Bd8 63. Bc5 Be4 64. Bd4 Bc7 65. Bc5 Bd3 66. Kf3
Ba5 67. Bd4 Be1 68. Bf2 Be4+ 69. Ke2 Bc3 70. Bb6 d4 71. Bb5 Kg4 72. Kf2 d3 73.
a5 d2 74. Be2+ Kh3 75. a6 e5 76. Be3 Bc6 77. a7 exf4 78. gxf4 Kxh4 79. Bxd2
Bxd2 80. Bf3 Bb4 81. Bxc6 Bc5+ 82. Kg2 Bxa7 83. Be8 g5 84. fxg5 fxg5 85. Bd7 g4
86. Bc8 Kg5 87. Bd7 Be3 88. Bc8 Bf4 89. Bd7 h4 90. Bxg4 1/2-1/2

[Event "SV Wolfbusch-SC Lindenberg"]
[Site "?"]
[Date "2003.02.23"]
[Round "6.4"]
[White "Haecker, Johannes"]
[Black "Schmidlechner, Alexander"]
[Result "1-0"]
[WhiteElo "2166"]
[BlackElo "2230"]
[PlyCount "145"]
[EventDate "2003.??.??"]

1. d4 d5 2. Nf3 Nf6 3. Bf4 c5 4. c3 Nc6 5. e3 Qb6 6. Qc1 Bf5 7. Nh4 Bd7 8. Bd3
Rc8 9. Nf3 Nh5 10. dxc5 Nxf4 11. exf4 Qxc5 12. O-O g6 13. Nbd2 Bg7 14. Re1 O-O
15. Nb3 Qb6 16. Qd2 a5 17. Ne5 Be6 18. Bf1 a4 19. Nxc6 Rxc6 20. Nd4 Bxd4 21.
cxd4 Rfc8 22. f5 Bxf5 23. Rxe7 Rc2 24. Qf4 Rxb2 25. Rae1 Rf8 26. Re8 Bd7 27.
R8e7 Bb5 28. Bxb5 Qxb5 29. h4 Rb1 30. h5 Rxe1+ 31. Rxe1 Qb4 32. Qe5 f6 33.
Qxd5+ Kg7 34. Rc1 Qe7 35. Rb1 Rf7 36. hxg6 hxg6 37. Qf3 Qd7 38. d5 Re7 39. Rd1
Qd6 40. Qd3 Rd7 41. Qb5 a3 42. Re1 Kf7 43. Rd1 Re7 44. g3 f5 45. Qb3 Rd7 46.
Qc4 Qa6 47. Qb3 Qd6 48. Kg2 Kg7 49. Qc3+ Kf7 50. Rd3 b5 51. Rd1 b4 52. Qd4 Rd8
53. Qc4 Rd7 54. Kg1 Rc7 55. Qd4 Qc5 56. Qh8 Qf8 57. Qe5 Qe7 58. Qf4 Rd7 59. Qc4
Qd6 60. Qb5 Rd8 61. Qb7+ Rd7 62. Qb5 Kf6 63. Qc4 Kf7 64. Qd4 Kg8 65. Rc1 Kf7
66. Rc5 Qf6 67. Qc4 Qa1+ 68. Kg2 Qe1 69. Rb5 Qc3 70. Qc6 Qxc6 71. dxc6 Rd6 72.
Rb7+ Ke8 73. Rb8+ 1-0

[Event "SV Wolfbusch-SC Lindenberg"]
[Site "?"]
[Date "2003.02.23"]
[Round "6.5"]
[White "Atlas, Dimitry"]
[Black "Hering, Frank"]
[Result "1-0"]
[WhiteElo "2197"]
[BlackElo "2120"]
[PlyCount "83"]
[EventDate "2003.??.??"]

1. e4 g6 2. d4 Bg7 3. Nc3 c6 4. Be3 d6 5. Qd2 Nf6 6. Bh6 Bxh6 7. Qxh6 Qa5 8.
Qd2 Nbd7 9. Nf3 Qc7 10. O-O-O e5 11. h3 h6 12. g4 b5 13. Qe3 a6 14. g5 hxg5 15.
Nxg5 Bb7 16. f4 Rf8 17. Bg2 O-O-O 18. Rhf1 Rde8 19. Qd2 b4 20. Nb1 exd4 21.
Qxd4 c5 22. Qxd6 Qxd6 23. Rxd6 Nxe4 24. Bxe4 Bxe4 25. Nxe4 Rxe4 26. Rxa6 Kb7
27. Rd6 Nb6 28. Nd2 Re2 29. Nb3 Kc7 30. Rfd1 Nc4 31. R6d5 Ne3 32. Rxc5+ Kb6 33.
Rd4 Re1+ 34. Kd2 Rd1+ 35. Kxe3 Rxd4 36. Kxd4 Rh8 37. Kc4 Rxh3 38. Kxb4 Rh4 39.
Rc4 f6 40. Nc5 g5 41. Nd7+ Kb7 42. Nxf6 1-0

[Event "SV Wolfbusch-SC Lindenberg"]
[Site "?"]
[Date "2003.02.23"]
[Round "6.6"]
[White "Flachsbart, Alexander"]
[Black "Doskocil, Klaus"]
[Result "0-1"]
[WhiteElo "2055"]
[BlackElo "2096"]
[PlyCount "82"]
[EventDate "2003.??.??"]

1. e4 c5 2. Nf3 Nc6 3. c3 d5 4. e5 Bg4 5. Bb5 Qc7 6. O-O Bxf3 7. Qxf3 Qxe5 8.
d4 cxd4 9. cxd4 Qd6 10. Bf4 Qd7 11. Nc3 e6 12. Rfe1 Nf6 13. Be5 Be7 14. a3 O-O
15. Qh3 Ne8 16. Rad1 a6 17. Bd3 f5 18. Bb1 Nxe5 19. dxe5 g6 20. Ne2 Rc8 21. Qh6
Ng7 22. Rd3 Qd8 23. Nd4 Qb6 24. Qd2 Rc7 25. Rb3 Qa7 26. Qa5 Rfc8 27. Qd2 Bc5
28. Nf3 b5 29. Rd3 Qb6 30. Rf1 Be7 31. g3 b4 32. axb4 Qxb4 33. Qh6 Qxb2 34. Kg2
Rc1 35. Rdd1 Rxd1 36. Rxd1 a5 37. Bd3 Qc3 38. Rb1 Qc7 39. Nd4 Qxe5 40. Rb7 Qxd4
41. Rxe7 a4 0-1

[Event "SV Wolfbusch-SC Lindenberg"]
[Site "?"]
[Date "2003.02.23"]
[Round "6.7"]
[White "Ahner, Thomas"]
[Black "Huettig, Michael"]
[Result "1/2-1/2"]
[WhiteElo "1956"]
[BlackElo "2061"]
[PlyCount "43"]
[EventDate "2003.??.??"]

1. e4 e5 2. Nf3 Nc6 3. Bb5 a6 4. Ba4 Nf6 5. O-O Be7 6. Re1 b5 7. Bb3 O-O 8. c3
d5 9. d3 dxe4 10. dxe4 Qxd1 11. Bxd1 h6 12. h3 Bb7 13. Nbd2 Rad8 14. Bc2 Rfe8
15. Nf1 Bf8 16. Be3 Nb8 17. N3d2 c5 18. f3 Nfd7 19. b3 Nc6 20. Rac1 a5 21. Bd3
b4 22. Bb5 1/2-1/2

[Event "SV Wolfbusch-SC Lindenberg"]
[Site "?"]
[Date "2003.02.23"]
[Round "6.8"]
[White "Erben, Wolfgang"]
[Black "Feistenauer, Harald"]
[Result "1-0"]
[WhiteElo "2054"]
[BlackElo "1956"]
[PlyCount "88"]
[EventDate "2003.??.??"]

1. e4 Nf6 2. e5 Nd5 3. d4 d6 4. c4 Nb6 5. exd6 cxd6 6. Nc3 g6 7. Be3 Bg7 8. Rc1
O-O 9. b3 Nc6 10. Be2 f5 11. d5 Ne5 12. Qd2 Nbd7 13. Nh3 Nf6 14. f3 a6 15. O-O
Bd7 16. a4 Rc8 17. Nb1 Kh8 18. Rfd1 Qc7 19. Qb4 h6 20. Bb6 Qb8 21. Qd2 g5 22.
Kh1 Rfe8 23. Nc3 Rg8 24. f4 Neg4 25. fxg5 hxg5 26. Bxg4 Nxg4 27. Nxg5 Rcf8 28.
h3 Bh6 29. hxg4 Rxg5 30. Kg1 Rg6 31. Be3 f4 32. Bd4+ Kg8 33. g5 Bxg5 34. Ne4
Qe8 35. Rf1 Bh6 36. Rc3 Bf5 37. Qe1 Qf7 38. Nd2 Qh7 39. Nf3 Rg3 40. Nh4 Be4 41.
Rxg3+ fxg3 42. Qxg3+ Bg7 43. Rxf8+ Kxf8 44. Bxg7+ Qxg7 1-0

[Event "SV Marbach-SC HP Boeblingen"]
[Site "?"]
[Date "2003.02.23"]
[Round "6.1"]
[White "Bauer, Peter"]
[Black "Eisele, Steffen"]
[Result "1-0"]
[WhiteElo "2253"]
[BlackElo "2208"]
[PlyCount "83"]
[EventDate "2003.??.??"]

1. e4 e6 2. d4 d5 3. Nc3 Nf6 4. e5 Nfd7 5. f4 c5 6. Nf3 Nc6 7. Be3 a6 8. Qd2 b5
9. dxc5 Bxc5 10. Bxc5 Nxc5 11. Qf2 Qb6 12. b4 Nd7 13. a4 bxa4 14. Qxb6 Nxb6 15.
Nxa4 Nd7 16. c3 O-O 17. Bd3 f6 18. O-O fxe5 19. Nxe5 Ncxe5 20. fxe5 Bb7 21.
Rxf8+ Rxf8 22. Nc5 Nxc5 23. bxc5 Rd8 24. Ra5 Rf8 25. Ra4 Rc8 26. Rb4 Rc7 27.
Rb6 Kf7 28. Kf2 Bc8 29. c6 Ra7 30. Bc2 Ke7 31. Ke3 Kd8 32. Kd4 Rf7 33. Kc5 Kc7
34. Bd3 Rf4 35. Rb4 Rf2 36. Rg4 g6 37. Rh4 Rf7 38. Ra4 Rf2 39. Bxa6 Rxg2 40.
Bxc8 Kxc8 41. Ra8+ Kc7 42. Ra7+ 1-0

[Event "SV Marbach-SC HP Boeblingen"]
[Site "?"]
[Date "2003.02.23"]
[Round "6.2"]
[White "Brodbeck, Stefan"]
[Black "Tuncer, Ufuk"]
[Result "0-1"]
[WhiteElo "2127"]
[BlackElo "2204"]
[PlyCount "46"]
[EventDate "2003.??.??"]

1. e4 c5 2. Nf3 d6 3. d4 cxd4 4. Nxd4 Nf6 5. Nc3 g6 6. Be3 Bg7 7. f3 O-O 8. Qd2
Nc6 9. Bc4 Bd7 10. O-O-O Ne5 11. Bb3 Qa5 12. Bh6 Rfc8 13. Bxg7 Kxg7 14. h4 h5
15. g4 hxg4 16. h5 Rh8 17. f4 Nc6 18. hxg6 Nxe4 19. Qe3 Nxc3 20. Nxc6 Nxd1 21.
Qd4+ e5 22. Qxd6 Rxh1 23. Nxa5 Nc3+ 0-1